|
|
|
|
| LEADER |
01859nam a22003854a 4500 |
| 001 |
27776 |
| 003 |
BD-DhAAL |
| 005 |
20151028020002.0 |
| 008 |
131125r20132012nyua 001 0 eng |
| 010 |
|
|
|a 2010045765
|
| 020 |
|
|
|a 9780071070102
|
| 020 |
|
|
|a 0071070109
|
| 020 |
|
|
|a 9780073529585 (alk. paper)
|
| 020 |
|
|
|a 0073529583 (alk. paper)
|
| 040 |
|
|
|a DLC
|c DLC
|d CDX
|d YDXCP
|d CLE
|d STF
|d DLC
|d Bd-DhAAL
|
| 050 |
0 |
0 |
|a QC611
|b .N39 2012
|
| 082 |
0 |
0 |
|a 537.6/22
|2 22
|
| 999 |
|
|
|c 14108
|d 14108
|
| 999 |
|
|
|c 14108
|
| 999 |
|
|
|c 14108
|
| 999 |
|
|
|c 14108
|
| 100 |
1 |
|
|a Neamen, Donald A.
|9 3587
|
| 245 |
1 |
0 |
|a Semiconductor physics and devices /
|c Donald A. Neamen, Dhrubes Biswas.
|
| 250 |
|
|
|a 4th ed.
|
| 260 |
|
|
|a New York ;
|a New Delhi :
|b McGraw-Hill,
|c 2012. [reprinted 2013]
|
| 300 |
|
|
|a xxv, 500 p. :
|b ill. ;
|c 23 cm.
|
| 504 |
|
|
|a Includes bibliographical references and index.
|
| 541 |
|
|
|e 27776
|
| 650 |
|
0 |
|a Semiconductors.
|9 360
|
| 700 |
|
|
|a Biswas, Dhrubes.
|9 3630
|
| 942 |
|
|
|2 ddc
|c BK
|0 5
|
| 952 |
|
|
|0 0
|1 0
|2 ddc
|3 Please send to the cataloguing team
|4 0
|6 537_622000000000000_NEA
|7 0
|9 23737
|a BRACUL
|b BRACUL
|c GEN
|d 2013-11-25
|e Trim Education
|g 770.00
|l 42
|m 326
|o 537.622 NEA
|p 3010027776
|r 2026-05-20
|s 2026-02-02
|t 1
|w 2013-11-25
|y BK
|
| 952 |
|
|
|0 0
|1 0
|2 ddc
|4 0
|6 537_622000000000000_NEA
|7 0
|9 23738
|a BRACUL
|b BRACUL
|c GEN
|d 2013-11-25
|e Trim Education
|g 770.00
|l 43
|m 231
|o 537.622 NEA
|p 3010027777
|r 2026-05-20
|s 2026-02-02
|t 2
|w 2013-11-25
|y BK
|
| 952 |
|
|
|0 0
|1 4
|2 ddc
|4 0
|6 537_622000000000000_NEA
|7 0
|9 23739
|a BRACUL
|b BRACUL
|c GEN
|d 2013-11-25
|e Trim Education
|g 770.00
|l 10
|m 42
|o 537.622 NEA
|p 3010027778
|r 2016-05-16
|s 2016-05-09
|t 3
|w 2013-11-25
|y BK
|x Koha Inventory 2020
|
| 952 |
|
|
|0 0
|1 0
|2 ddc
|4 0
|6 537_622000000000000_NEA
|7 0
|9 23740
|a BRACUL
|b BRACUL
|c GEN
|d 2013-11-25
|e Trim Education
|g 770.00
|l 42
|m 311
|o 537.622 NEA
|p 3010027779
|q 2026-06-02
|r 2026-02-19
|s 2026-02-19
|t 4
|w 2013-11-25
|y BK
|